000 00502nam a2200145Ia 4500
008 100122s9999 xx 000 0 und d
082 _b15957
_a822
100 _aधनवटे सुमतिदेवी
245 _aवळणाचे पाणी वळणावर
260 _bपरचुरे प्रक ाशन
_c1963
300 _a62
630 _aवळणाचे पाणी वळणावर
730 _aवळणाचे पाणी वळणावर
942 _cBOOK
999 _c406070
_d406067